000 01224nam0a22002411i 4500
001 rc\3615673
005 20240723234351.0
021 _aRU
_b[73-5683а]
035 _a(NLR Aleph) 007714726
090 _a6886057
_c6886057
100 _a20130115d1973 |||y0rusy50 ca
101 0 _arus
102 _aRU
105 _ay d |||||
200 1 _aИсследование напряженно-деформированного состояния жаростойких железобетонных конструкций кольцевого сечения с разработкой и исследованием составов жаростойких бетонов
_e(Применит. к фурменному прибору доменной печи)
_eАвтореф. дис. на соиск. учен. степени канд. техн. наук
_e(05.23.01)
_fДнепропетр. инж.-строит. ин-т
210 _aДнепропетровск
_d1973
215 _a22 с.
320 _aСписок работ авт.: с. 21-22 (13 назв.)
700 1 _aМагала
_bВ.С.
_gВиктор Сергеевич
801 0 _aRU
_bNLR
_gpsbo
801 1 _aRU
_bELAR
_2rusmarc
852 _aNLR
_j73-4/22494
942 _cBOOK